Statistics for Yugoslav rock bands 2

Click here to take the quiz!

General Stats

  • This quiz has been taken 114 times
  • The average score is 10 of 20

Answer Stats

PesmaGrupa% Correct
Kada sanjamoPiloti
78%
Samo sklopi okiceValentino
70%
Dolazim za 5 minutaGeneracija 5
68%
PerspektivaSARS
66%
Ko me ter'oBabe
56%
KestenAlisa
55%
Odlazi cirkusRani mraz
50%
Ja bih te sanjalaNegative
49%
Jeleni umiru samiPoslednja igra leptira
49%
Obična ljubavna pjesmaAerodrom
49%
Ja volim samo sebePsihomodo pop
48%
Da si tako jakaElektrični orgazam
47%
Teška vremena, prijatelju mojNeki to vole vruće
47%
Ljubav nije za nasRegina
40%
Niko kao jaŠarlo akrobata
39%
Dok dobuje kišaIdoli
35%
Glasno, glasnijeOsmi putnik
32%
Mi nismo samiFilm
29%
Gradske cureITD Band
28%
Krčmarska MoskvaBolero
16%

Score Distribution

Percentile by Number Answered

Percent of People with Each Score

Your Score History

You have not taken this quiz